| 000 | 00572nam a2200217Ia 4500 | ||
|---|---|---|---|
| 005 | 20231213110317.0 | ||
| 008 | 131103s9999 xx 000 0 und d | ||
| 020 | _cRs.11 | ||
| 040 | _aLoreto College | ||
| 041 | _aEnglish | ||
| 082 |
_a410 _bLEH |
||
| 100 | _aLehmann,Winfred | ||
| 245 |
_aHistorical Linguistics, _cWinfred P.Lehmann |
||
| 250 | _a an introduction | ||
| 260 |
_aCalcutta _bOxford & TBH Publishing Co. _c1966 |
||
| 300 |
_axiii,297 p. _b ill. |
||
| 504 | _aIncludes index | ||
| 650 | _aHistorical Linguistics | ||
| 850 | _aLCLIB | ||
| 942 | _cBK | ||
| 999 |
_c7058 _d57537 |
||